| 000 | 00476nam a2200181Ia 4500 | ||
|---|---|---|---|
| 001 | 73484 | ||
| 008 | 160622s9999||||xx |||||||||||||| ||und|| | ||
| 020 | _a9780199591510 | ||
| 040 | _cPK-LaUMT | ||
| 082 |
_a 616.8552 _bGOL-A |
||
| 100 | _aGoldenberg, George | ||
| 245 |
_aApraxia _bthe cognitive side of motor control/ _cGoldenberg, George |
||
| 260 |
_aOxford,USA: _bOxford University Press, _c2013 |
||
| 300 | _a273 p. | ||
| 546 | _aEN | ||
| 650 | _aAproxia | ||
| 942 | _cBK | ||
| 999 |
_c86593 _d86593 |
||